| 000 | 00342nam a22001097a 4500 | ||
|---|---|---|---|
| 008 | 230621b xxu||||| |||| 00| 0 eng d | ||
| 082 |
_a327.73 _bKIR 1983 |
||
| 245 | _aThe Reagan Phenomenon and Speeches on Foreign Policy | ||
| 260 |
_aUSA and London _bAmerican Enterprise Institute for Public Policy _c1983 |
||
| 300 | _aXV,230p | ||
| 942 |
_2ddc _cBK |
||
| 999 |
_c1952 _d1952 |
||